000 00469nam a2200181Ia 4500
005 20250317123450.0
008 008 250317s9999 xx 000 0 eng d
037 _aTextbook
040 _aFMSL
_beng
_cFMSL
041 _aeng
_2eng
084 _qFMSL
100 _aSinger B M
_9735565
245 0 _aProgramming in basic with applications
260 _aNY
_bNY, McGraw-Hill
_c1973
300 _a189p
942 _cTB
999 _c1251374
_d1251374